| 000 | 00440nam a2200157 a 4500 | ||
|---|---|---|---|
| 001 | 000012687 | ||
| 005 | 20200929163046.0 | ||
| 008 | 091116s1970 dr 000 0 spa d | ||
| 040 |
_aDO-SdBNP _bspa _cBNPHU |
||
| 082 |
_axxx _bM971d |
||
| 100 | 1 |
_aMuñoz Marte, Emilio Antonio _929462 |
|
| 245 | 1 | 0 |
_aDesvarios / _cEmilio Antonio Muñoz Marte. |
| 260 |
_aSanto Domingo : _bArte y Cine, _c1970. |
||
| 300 |
_a157 p. ; _c24 cm. |
||
| 049 | _aBNPD | ||
| 999 |
_c12338 _d12338 |
||